Welcome to CU Library Online Public Access Catalogue (OPAC)

Business law and the regulatory environment : (Record no. 768)

MARC details
000 -LEADER
fixed length control field 00757cam a2200229 a 4500
001 - CONTROL NUMBER
control field 12008248
005 - DATE AND TIME OF LATEST TRANSACTION
control field 20241106203856.0
008 - FIXED-LENGTH DATA ELEMENTS--GENERAL INFORMATION
fixed length control field 000515s2001 mau 001 0 eng
020 ## - INTERNATIONAL STANDARD BOOK NUMBER
International Standard Book Number 0072314079 (alk. paper)
050 00 - LIBRARY OF CONGRESS CALL NUMBER
Classification number KF888
Item number .B8 2001
082 00 - DEWEY DECIMAL CLASSIFICATION NUMBER
Classification number 346.7307
Edition information 21
245 00 - TITLE STATEMENT
Title Business law and the regulatory environment :
Remainder of title concepts and cases /
Statement of responsibility, etc. Jane P. Mallor ... [et al.].
250 ## - EDITION STATEMENT
Edition statement 11th ed.
260 ## - PUBLICATION, DISTRIBUTION, ETC.
Place of publication, distribution, etc. Boston :
Name of publisher, distributor, etc. Irwin/McGraw-Hill
Date of publication, distribution, etc. c2001.
300 ## - PHYSICAL DESCRIPTION
Extent xxviii, 1331 p. ;
Dimensions 26 cm.
440 #0 - SERIES STATEMENT/ADDED ENTRY--TITLE
Title Irwin/McGraw-Hill legal studies in business series
500 ## - GENERAL NOTE
General note Includes index.
650 #0 - SUBJECT ADDED ENTRY--TOPICAL TERM
Topical term or geographic name entry element Commercial law
Geographic subdivision United States
Form subdivision Cases.
650 #0 - SUBJECT ADDED ENTRY--TOPICAL TERM
Topical term or geographic name entry element Commercial law
Geographic subdivision United States.
700 1# - ADDED ENTRY--PERSONAL NAME
Personal name Mallor, Jane P.
942 ## - ADDED ENTRY ELEMENTS (KOHA)
Source of classification or shelving scheme Library of Congress Classification
Koha item type Books
Edition 11th Ed.
Suppress in OPAC No
999 ## -
-- 768
-- 768
Holdings
Withdrawn status Lost status Source of classification or shelving scheme Damaged status Not for loan Collection Home library Current library Shelving location Date acquired Total checkouts Full call number Barcode Date last seen Copy number Price effective from Koha item type
    Library of Congress Classification     Non-fiction Law Library (Christ Temple) Law Library (Christ Temple) General stacks 02/03/2025   KF888.B8 BUS LLCT00000378 02/03/2025 3 02/03/2025 Books
    Library of Congress Classification     Non-fiction Law Library (Christ Temple) Law Library (Christ Temple) General stacks 02/03/2025   KF888.B8 BUS LLCT00000379 02/03/2025 4 02/03/2025 Books
    Library of Congress Classification     Non-fiction Law Library (Miotso) Law Library (Miotso) General stacks 11/06/2024   KF888 BUS llm00000626 11/06/2024 1 11/06/2024 Books
    Library of Congress Classification     Non-fiction Law Library (Miotso) Law Library (Miotso) General stacks 11/06/2024   KF888 BUS llm00000627 11/06/2024 2 11/06/2024 Books
© 2023-2024 Copyright: Central University Libraries. All Rights Reserved | Created by: Mahone Tech Office